Príroda v téglikoch
Čo smie niesť názov prírodná kozmetika. Najpoužívanejšie tuzemské a exotické rastliny v kozmetike. Najpoužívanejšie prírodné oleje, tuky a vosky v kozmetike.
Gespeichert in:
| Format: | Buchkapitel |
|---|---|
| Sprache: | Slowakisch |
| Schlagworte: | |
| Tags: |
Keine Tags, Fügen Sie das erste Tag hinzu!
|
MARC
| LEADER | 00000naa a2200000 4500 | ||
|---|---|---|---|
| 001 | r047236 | ||
| 005 | 20231002114435.7 | ||
| 041 | 0 | |a slo | |
| 044 | |a SK | ||
| 245 | 1 | 0 | |a Príroda v téglikoch |
| 520 | |a Čo smie niesť názov prírodná kozmetika. Najpoužívanejšie tuzemské a exotické rastliny v kozmetike. Najpoužívanejšie prírodné oleje, tuky a vosky v kozmetike. | ||
| 610 | 2 | 0 | |a tovaroznalectvo |
| 610 | 2 | 0 | |a kozmetika |
| 610 | 2 | 0 | |a príroda |